| 000 | 00783cam a22002292 4500 | ||
|---|---|---|---|
| 001 | 0000001820 | ||
| 005 | 20151217151830.0 | ||
| 008 | 070327s xx 000 0 eng d | ||
| 020 |
_a0333987977 : _cKES 4,710 |
||
| 040 |
_aKABU _cKABU |
||
| 050 | 0 |
_aHD58.8 _b.H39 |
|
| 100 | 1 |
_aHayes, John, _d1943-. _@0000150847 |
|
| 245 | 1 | 4 |
_aThe Theory and practice of change management / _cJohn Hayes. |
| 260 |
_aHoundmills, Basingstoke, Hampshire ; _aNew York : _bPalgrave Macmillan, _c2002. |
||
| 300 |
_axiv, 216 p. ; _c25 cm. |
||
| 504 | _aIncludes bibliographical references and index. | ||
| 650 | 0 |
_aOrganizational change. _@0000150813 |
|
| 650 | 0 |
_aOrganizational effectiveness. _@0000150612 |
|
| 908 | _a070327 | ||
| 950 | _@1 | ||
| 999 |
_c5471 _d5471 |
||